La Nausea

Gardado en:
Detalles Bibliográficos
Autor Principal: Jean-Paul Sartre
Formato: Libro
Idioma:lingua descoñecida ou non válida
Publicado: Et Scrittori
Tags: Engadir etiqueta
Sen Etiquetas, Sexa o primeiro en etiquetar este rexistro!

MARC

LEADER 00000nam a2200000Ia 4500
001 R-1171
003 CODICE-MESSINA
005 20260212102503.0
008 260211s9999 xx 000 0 und d
040 |c importazione_messina 
100 |a Jean-Paul Sartre 
245 0 |a La Nausea 
260 |b Et Scrittori 
942 |2 ddc  |c BK 
952 |0 0  |1 0  |2 ddc  |4 0  |6 SCAFFALE_11_000000000000000__ROMANZI  |7 0  |9 32003  |a ME  |b ME  |d 2026-02-11  |l 0  |o SCAFFALE 11 - ROMANZI  |p R-1171  |r 2026-02-11 23:52:54  |w 2026-02-11  |x [REVISIONARE]  |y BK 
999 |c 27670  |d 27670